Reimagining Science Education in the Anthropocene (Record no. 27971)
[ view plain ]
| 000 -LEADER | |
|---|---|
| fixed length control field | 00522nam a2200121Ia 4500 |
| 008 - FIXED-LENGTH DATA ELEMENTS--GENERAL INFORMATION | |
| fixed length control field | 220620s9999||||xx |||||||||||||| ||und|| |
| 245 #0 - TITLE STATEMENT | |
| Title | Reimagining Science Education in the Anthropocene |
| 546 ## - LANGUAGE NOTE | |
| Language note | English[eng] |
| 650 ## - SUBJECT ADDED ENTRY--TOPICAL TERM | |
| Topical term or geographic name entry element | natural science||curriculum studies||educational foundations||anthropocene||science education||Open Access |
| 700 ## - ADDED ENTRY--PERSONAL NAME | |
| Personal name | Wallace, Maria F. G.||Bazzul, Jesse||Higgins, Marc||Tolbert, Sara |
| 856 ## - ELECTRONIC LOCATION AND ACCESS | |
| Uniform Resource Identifier | <a href="https://library.oapen.org/bitstream/20.500.12657/51970/1/978-3-030-79622-8.pdf">https://library.oapen.org/bitstream/20.500.12657/51970/1/978-3-030-79622-8.pdf</a> |
| 942 ## - ADDED ENTRY ELEMENTS (KOHA) | |
| Koha item type | E-Books |
| Withdrawn status | Lost status | Damaged status | Not for loan | Home library | Current library | Date acquired | Total Checkouts | Date last seen | Price effective from | Koha item type |
|---|---|---|---|---|---|---|---|---|---|---|
| Kerala University of Digital Sciences, Innovation and Technology Knowledge Centre | Kerala University of Digital Sciences, Innovation and Technology Knowledge Centre | 20/06/2022 | 20/06/2022 | 20/06/2022 | E-Books |